Control & crisis in colonial Kenya : (Record no. 85)
[ view plain ]
| 000 -LEADER | |
|---|---|
| fixed length control field | 01005cam a2200289Ia 4500 |
| 003 - CONTROL NUMBER IDENTIFIER | |
| control field | OSt |
| 005 - DATE AND TIME OF LATEST TRANSACTION | |
| control field | 20210602101337.0 |
| 008 - FIXED-LENGTH DATA ELEMENTS--GENERAL INFORMATION | |
| fixed length control field | 0 |
| 020 ## - INTERNATIONAL STANDARD BOOK NUMBER | |
| International Standard Book Number | 0852550707 |
| 020 ## - INTERNATIONAL STANDARD BOOK NUMBER | |
| International Standard Book Number | 0852550693 |
| 040 ## - CATALOGING SOURCE | |
| Transcribing agency | 0 |
| 050 99 - LIBRARY OF CONGRESS CALL NUMBER | |
| Classification number | DT433.557 |
| Item number | .B47 1990 |
| 050 14 - LIBRARY OF CONGRESS CALL NUMBER | |
| Classification number | DT433.557 |
| 100 1# - MAIN ENTRY--PERSONAL NAME | |
| Personal name | Berman, Bruce, |
| Dates associated with a name | 1942- |
| Authority record control number or standard number | http://id.loc.gov/authorities/names/n89671368 |
| 245 10 - TITLE STATEMENT | |
| Title | Control & crisis in colonial Kenya : |
| Remainder of title | the dialectic of domination / |
| Statement of responsibility, etc. | Bruce Berman. |
| 260 ## - PUBLICATION, DISTRIBUTION, ETC. | |
| Place of publication, distribution, etc. | London : |
| Name of publisher, distributor, etc. | James Currey, |
| Date of publication, distribution, etc. | 1990. |
| 300 ## - PHYSICAL DESCRIPTION | |
| Extent | xv, 479 p. : |
| Other physical details | 1 map ; |
| Dimensions | 22 cm. |
| 500 ## - GENERAL NOTE | |
| General note | Includes index. |
| 504 ## - BIBLIOGRAPHY, ETC. NOTE | |
| Bibliography, etc. note | Bibliography: p. 444-463. |
| 651 #0 - SUBJECT ADDED ENTRY--GEOGRAPHIC NAME | |
| Authority record control number or standard number | http://id.loc.gov/authorities/subjects/sh85072004 |
| 651 #0 - SUBJECT ADDED ENTRY--GEOGRAPHIC NAME | |
| Authority record control number or standard number | http://id.loc.gov/authorities/subjects/sh85071994 |
| 830 #0 - SERIES ADDED ENTRY--UNIFORM TITLE | |
| Authority record control number or standard number | http://id.loc.gov/authorities/names/n84740287 |
| 942 ## - ADDED ENTRY ELEMENTS (KOHA) | |
| Source of classification or shelving scheme | |
| Koha item type | Book |
| Suppress in OPAC | JO |
| Withdrawn status | Lost status | Source of classification or shelving scheme | Damaged status | Not for loan | Permanent Location | Current Location | Shelving location | Date acquired | Total Checkouts | Full call number | Barcode | Date last seen | Price effective from | Koha item type | Public note |
|---|---|---|---|---|---|---|---|---|---|---|---|---|---|---|---|
| AU LIBRARY | AU LIBRARY | Open Shelf | 02.06.2021 | DT433.557.B47 1990 | 28002390 | 02.06.2021 | 02.06.2021 | Book | JO |